Измеритель диаметра и эксцентричности электрического кабеля; Становление и развитие научных исследований в высшей школе; Т. 2

Bibliografiske detaljer
Parent link:Становление и развитие научных исследований в высшей школе: сборник трудов Международной научной конференции, посвященной 100-летию со дня рождения профессора А. А. Воробьева, Томск, 14-16 сентября 2009 г./ Российская академия наук (РАН) ; Ассоциация инженерного образования России (АИОР) ; Томский политехнический университет (ТПУ).— , 2009.— 978-598298-543-9
Т. 2.— 2009.— С. 120-126
Hovedforfatter: Фёдоров Е. М. Евгений Михайлович
Andre forfattere: Гольдштейн А. Е. Александр Ефремович
Sprog:russisk
Udgivet: 2009
Fag:
Format: MixedMaterials Book Chapter
KOHA link:https://koha.lib.tpu.ru/cgi-bin/koha/opac-detail.pl?biblionumber=194450

MARC

LEADER 00000naa2a2200000 4500
001 194450
005 20240129125118.0
035 |a (RuTPU)RU\TPU\book\212076 
090 |a 194450 
100 |a 20110415d2009 k y0rusy50 ca 
101 0 |a rus 
102 |a RU 
200 1 |a Измеритель диаметра и эксцентричности электрического кабеля  |f Е. М. Фёдоров, А. Е. Гольдштейн 
320 |a Библиогр.: 8 назв. 
461 1 |0 (RuTPU)RU\TPU\book\209137  |y 978-598298-543-9  |t Становление и развитие научных исследований в высшей школе  |o сборник трудов Международной научной конференции, посвященной 100-летию со дня рождения профессора А. А. Воробьева, Томск, 14-16 сентября 2009 г.  |f Российская академия наук (РАН) ; Ассоциация инженерного образования России (АИОР) ; Томский политехнический университет (ТПУ)  |d 2009 
463 0 |0 (RuTPU)RU\TPU\book\208673  |y 978-5-98298-547-7  |t Т. 2  |v С. 120-126  |d 2009  |p 462 с. 
610 1 |a электрические кабели 
610 1 |a диаметры 
610 1 |a измерители 
610 1 |a сечение 
610 1 |a труды учёных ТПУ 
700 1 |a Фёдоров  |b Е. М.  |c специалист в области электрофизики  |c доцент Томского политехнического университета, кандидат наук  |f 1980-  |g Евгений Михайлович  |3 (RuTPU)RU\TPU\pers\25477  |9 11416 
701 1 |a Гольдштейн  |b А. Е.  |c специалист в области неразрушающего контроля  |c профессор Томского политехнического университета, доктор технических наук  |f 1954-  |g Александр Ефремович  |3 (RuTPU)RU\TPU\pers\26406  |9 12110 
801 1 |a RU  |b 63413507  |c 20110415 
801 2 |a RU  |b 63413507  |c 20141016  |g RCR 
942 |c BK